[Event "Jugend WM U20w"]
[Site "Istanbul"]
[Date "2005.11.16"]
[Round "7.9"]
[White "Szczepkowska, Karina"]
[Black "Harika, Dronavalli"]
[Result "0-1"]
[WhiteElo "2278"]
[BlackElo "2392"]
[PlyCount "142"]
[EventDate "2005.11.??"]
[EventType "swiss"]
[EventRounds "13"]
[EventCountry "TUR"]
[Source "Reinhold Goldau"]
[SourceDate "2000.03.01"]

1. e4 c5 2. Nc3 g6 3. f4 Bg7 4. Nf3 Nc6 5. g3 d6 6. Bg2 e6 7. O-O Nge7 8. d3
O-O 9. Be3 b6 10. d4 Ba6 11. Re1 Qc7 12. Ne2 cxd4 13. Nexd4 Rad8 14. a4 Nxd4
15. Bxd4 e5 16. Bc3 Qc5+ 17. Kh1 d5 18. Nxe5 dxe4 19. Qc1 f6 20. Ng4 Nd5 21.
Ra3 h5 22. Ne3 Nxe3 23. Rxe3 f5 24. Bxg7 Kxg7 25. Rac3 Qd6 26. h4 Rf7 27. Re1
Qd2 28. Qxd2 Rxd2 29. b4 Be2 30. a5 bxa5 31. bxa5 Bd1 32. Rc6 Bxc2 33. Rc1 Bb3
34. R1c3 Ba4 35. Rc7 Rdd7 36. Rxd7 Rxd7 37. Bf1 Rd1 38. Kg2 Rd2+ 39. Kg1 Kf6
40. Bc4 Ke7 41. Kf1 Rb2 42. Ke1 Be8 43. Bb3 Bb5 44. Bg8 Re2+ 45. Kd1 Rg2 46.
Bh7 Kf6 47. Bg8 Ke7 48. Bh7 Be8 49. Bg8 Kd6 50. Bb3 Bb5 51. Bf7 Be2+ 52. Kc1
Bg4 53. a6 Re2 54. Bc4 Re1+ 55. Kd2 Ra1 56. Bb5 Ra2+ 57. Ke3 Rg2 58. Kd4 Rd2+
59. Ke3 Rb2 60. Bc4 Kc5 61. Bf7+ Kb4 62. Rc4+ Kb5 63. Rc3 Kxa6 64. Bxg6 Kb5 65.
Be8+ Kb4 66. Rc7 Re2+ 67. Kd4 Rd2+ 68. Ke3 Rd3+ 69. Kf2 e3+ 70. Kf1 e2+ 71. Kf2
Rf3+ 0-1

[Event "Jugend WM U20w"]
[Site "Istanbul"]
[Date "2005.11.16"]
[Round "7.10"]
[White "Zawadzka, Jolanta"]
[Black "Andriasian, Siranush"]
[Result "1-0"]
[WhiteElo "2381"]
[BlackElo "2263"]
[PlyCount "99"]
[EventDate "2005.11.??"]
[EventType "swiss"]
[EventRounds "13"]
[EventCountry "TUR"]
[Source "Reinhold Goldau"]
[SourceDate "2000.03.01"]

1. e4 e5 2. Nf3 Nc6 3. Bb5 a6 4. Ba4 Nf6 5. O-O b5 6. Bb3 Be7 7. Re1 O-O 8. h3
d6 9. c3 Na5 10. Bc2 c5 11. d4 cxd4 12. cxd4 Qc7 13. Nbd2 Nc6 14. Nb3 a5 15.
Be3 a4 16. Nbd2 Nb4 17. Bb1 Bd7 18. a3 Na6 19. Bd3 Qb8 20. Rc1 Bd8 21. Nf1 Ba5
22. Re2 Be6 23. d5 Bxd5 24. exd5 e4 25. Bd4 exd3 26. Qxd3 Qd8 27. Ne3 Nc7 28.
Qf5 Nce8 29. Rec2 g6 30. Qd3 Rb8 31. b4 axb3 32. Qxb3 Ne4 33. Qd3 f5 34. Bb2
Bb6 35. Nd4 Qh4 36. Ne6 Rf7 37. Bd4 Bxd4 38. Qxd4 Qf6 39. Rc8 Rfb7 40. Rxb8
Rxb8 41. Qa7 Rd8 42. Nxd8 Qxd8 43. Qb7 Qh4 44. g3 Qxh3 45. Rc8 Kf8 46. Qd7 N4f6
47. Qxd6+ Kg7 48. Qe7+ Kh6 49. Rxe8 Nxe8 50. Qxe8 1-0

[Event "Jugend WM U20w"]
[Site "Istanbul"]
[Date "2005.11.16"]
[Round "7.11"]
[White "Guseva, Marina"]
[Black "Corke, Anya"]
[Result "1-0"]
[WhiteElo "2363"]
[BlackElo "2222"]
[PlyCount "87"]
[EventDate "2005.11.??"]
[EventType "swiss"]
[EventRounds "13"]
[EventCountry "TUR"]
[Source "Reinhold Goldau"]
[SourceDate "2000.03.01"]

1. d4 d5 2. Nf3 Nf6 3. e3 Bg4 4. h3 Bxf3 5. Qxf3 Nbd7 6. Nd2 e5 7. dxe5 Nxe5 8.
Qe2 Qd7 9. g3 O-O-O 10. Bg2 Bd6 11. O-O h5 12. e4 h4 13. g4 Ng6 14. exd5 Nf4
15. Qf3 Nxg4 16. Qxg4 Qxg4 17. hxg4 Ne2+ 18. Kh1 Ng3+ 19. fxg3 hxg3+ 20. Bh3
Rxh3+ 21. Kg2 Rh2+ 22. Kf3 Bc5 23. Kxg3 Bd6+ 24. Kf3 Re8 25. Nc4 Rh3+ 26. Kf2
Rh2+ 27. Kg1 Ree2 28. Nxd6+ cxd6 29. Rxf7 Reg2+ 30. Kf1 Rxc2 31. Be3 Rxb2 32.
Rc1+ Rbc2 33. Rxc2+ Rxc2 34. Bxa7 Rxa2 35. Bd4 Ra4 36. Rf4 g5 37. Re4 Kd7 38.
Ke2 Ra5 39. Kf3 Rxd5 40. Be3 Rd1 41. Rd4 Rf1+ 42. Ke4 Rb1 43. Bxg5 b5 44. Bf6
1-0

[Event "Jugend WM U20w"]
[Site "Istanbul"]
[Date "2005.11.16"]
[Round "7.12"]
[White "Purtseladze, Maka"]
[Black "Muhren, Bianca"]
[Result "1-0"]
[WhiteElo "2338"]
[BlackElo "2260"]
[PlyCount "135"]
[EventDate "2005.11.??"]
[EventType "swiss"]
[EventRounds "13"]
[EventCountry "TUR"]
[Source "Reinhold Goldau"]
[SourceDate "2000.03.01"]

1. d4 Nf6 2. c4 e6 3. Nf3 c5 4. d5 exd5 5. cxd5 d6 6. Nc3 g6 7. h3 a6 8. a4 Qe7
9. a5 Nbd7 10. e3 Bg7 11. Bd3 O-O 12. O-O b5 13. axb6 Nxb6 14. e4 h6 15. Re1
Nfd7 16. Bf4 g5 17. Bh2 Ne5 18. Nxe5 Bxe5 19. Bxe5 Qxe5 20. Qh5 Kg7 21. g3 Nd7
22. Kg2 Rb8 23. Qe2 Rb4 24. Bxa6 Bxa6 25. Rxa6 Rfb8 26. Ra2 Nf6 27. Qc2 Rd4 28.
Re2 Rbb4 29. Ra1 Nd7 30. Rf1 Qe7 31. f4 f6 32. Ref2 Rb8 33. Re1 Re8 34. Nb5
Rxe4 35. Rxe4 Qxe4+ 36. Qxe4 Rxe4 37. Nxd6 Re1 38. fxg5 hxg5 39. Nf5+ Kf7 40.
b3 Rd1 41. d6 Ke6 42. g4 Ne5 43. Ng3 Ng6 44. Nh5 Rxd6 45. Rxf6+ Ke7 46. Rxd6
Kxd6 47. Kf3 Ke5 48. Ke3 Ne7 49. Kd3 Nc6 50. Ng7 Kd5 51. Nf5 Ne5+ 52. Kc3 Ng6
53. Ne3+ Ke4 54. Nd1 Kd5 55. Nf2 Nf4 56. Kc2 Kd4 57. Kd2 c4 58. bxc4 Kxc4 59.
Ke3 Kd5 60. Kf3 Ke5 61. Kg3 Ne2+ 62. Kg2 Nf4+ 63. Kf3 Ng6 64. Ne4 Nh4+ 65. Ke3
Ng2+ 66. Kf2 Nf4 67. Nxg5 Kf6 68. h4 1-0

[Event "Jugend WM U20w"]
[Site "Istanbul"]
[Date "2005.11.16"]
[Round "7.13"]
[White "Melia, Salome"]
[Black "Bensdorp, Marlies"]
[Result "1/2-1/2"]
[WhiteElo "2318"]
[BlackElo "2199"]
[PlyCount "56"]
[EventDate "2005.11.??"]
[EventType "swiss"]
[EventRounds "13"]
[EventCountry "TUR"]
[Source "Reinhold Goldau"]
[SourceDate "2000.03.01"]

1. e4 e6 2. d4 d5 3. Nc3 Bb4 4. e5 c5 5. Bd2 Nh6 6. Bd3 Nc6 7. Nf3 Nxd4 8. Nxd4
cxd4 9. Nb5 Bxd2+ 10. Qxd2 O-O 11. O-O-O f6 12. f4 fxe5 13. fxe5 Ng4 14. Rde1
Nf2 15. Rhf1 Nxd3+ 16. cxd3 Bd7 17. Rxf8+ Qxf8 18. Nd6 Be8 19. Nxb7 Rc8+ 20.
Kb1 Bg6 21. Nd6 Rb8 22. Rc1 Qd8 23. g3 h6 24. h4 Qb6 25. Rc8+ Rxc8 26. Nxc8 Qb7
27. Nd6 Qa6 28. b3 Bxd3+ 1/2-1/2

[Event "Jugend WM U20w"]
[Site "Istanbul"]
[Date "2005.11.16"]
[Round "7.14"]
[White "Paridar, Shadi"]
[Black "Motoc, Alina"]
[Result "0-1"]
[WhiteElo "2237"]
[BlackElo "2313"]
[PlyCount "43"]
[EventDate "2005.11.??"]
[EventType "swiss"]
[EventRounds "13"]
[EventCountry "TUR"]
[Source "Reinhold Goldau"]
[SourceDate "2000.03.01"]

1. e4 c5 2. c3 d6 3. d4 Nf6 4. Bd3 g6 5. h3 Bg7 6. Nf3 O-O 7. O-O Qc7 8. Bf4
Nh5 9. Bg5 e5 10. Na3 a6 11. Nc2 h6 12. Bd2 Nf4 13. Bxf4 exf4 14. Qd2 g5 15.
Nh2 Nc6 16. Be2 Qb6 17. Rfd1 Re8 18. Qd3 Be6 19. h4 Rac8 20. hxg5 hxg5 21. Bg4
cxd4 22. cxd4 0-1

[Event "Jugend WM U20w"]
[Site "Istanbul"]
[Date "2005.11.16"]
[Round "7.15"]
[White "Liu, Pei"]
[Black "Bashkite, Viktoria"]
[Result "1-0"]
[WhiteElo "2283"]
[BlackElo "2173"]
[PlyCount "29"]
[EventDate "2005.11.??"]
[EventType "swiss"]
[EventRounds "13"]
[EventCountry "TUR"]
[Source "Reinhold Goldau"]
[SourceDate "2000.03.01"]

1. d4 Nf6 2. Nf3 e6 3. Bg5 c5 4. e4 Qb6 5. Nbd2 cxd4 6. e5 Nd5 7. Nc4 Qc7 8.
Nxd4 a6 9. Nf5 Nc6 10. Ncd6+ Bxd6 11. exd6 Qa5+ 12. Bd2 Qc5 13. Nxg7+ Kd8 14.
Bg5+ f6 15. Qxd5 1-0

[Event "Jugend WM U20w"]
[Site "Istanbul"]
[Date "2005.11.16"]
[Round "7.16"]
[White "Nadig, Kruttika"]
[Black "Nebolsina, Vera"]
[Result "1/2-1/2"]
[WhiteElo "2224"]
[BlackElo "2278"]
[PlyCount "69"]
[EventDate "2005.11.??"]
[EventType "swiss"]
[EventRounds "13"]
[EventCountry "TUR"]
[Source "Reinhold Goldau"]
[SourceDate "2000.03.01"]

1. e4 Nf6 2. e5 Nd5 3. d4 d6 4. Nf3 dxe5 5. dxe5 Bg4 6. Be2 Nc6 7. O-O e6 8.
Re1 Bc5 9. c3 Nb6 10. Nbd2 Qd5 11. b4 Be7 12. a4 a5 13. b5 Nb8 14. c4 Qd8 15.
Qc2 N8d7 16. Bd3 Bb4 17. Ba3 Nc5 18. Be4 Bxa3 19. Rxa3 Qe7 20. Raa1 Bh5 21. Nb3
Bg6 22. Bxg6 hxg6 23. Nfd2 Rh4 24. Nxc5 Qxc5 25. Ne4 Qxc4 26. Qxc4 Nxc4 27. g3
Rh5 28. Rec1 Nxe5 29. Rxc7 Rd8 30. Rxb7 Rd4 31. Rc1 Kd8 32. Rb8+ Ke7 33. Rb7+
Kd8 34. Rb8+ Ke7 35. Rb7+ 1/2-1/2

[Event "Jugend WM U20w"]
[Site "Istanbul"]
[Date "2005.11.16"]
[Round "7.17"]
[White "Zhang, Jilin"]
[Black "Plazaola, Maria De Los Angele"]
[Result "1-0"]
[WhiteElo "2334"]
[BlackElo "2087"]
[PlyCount "61"]
[EventDate "2005.11.??"]
[EventType "swiss"]
[EventRounds "13"]
[EventCountry "TUR"]
[Source "Reinhold Goldau"]
[SourceDate "2000.03.01"]

1. Nf3 g6 2. g3 Bg7 3. Bg2 d6 4. O-O e5 5. d3 Ne7 6. c4 O-O 7. Nc3 f5 8. Bd2 h6
9. Ne1 f4 10. Nd5 c6 11. Nxe7+ Qxe7 12. e3 fxg3 13. hxg3 Nd7 14. e4 Nf6 15. Nc2
Be6 16. Ne3 Qd7 17. Bc3 c5 18. f4 exf4 19. gxf4 Ng4 20. Qe2 Rae8 21. Rae1 h5
22. Nxg4 Bxg4 23. Qe3 Qe7 24. d4 Bh6 25. dxc5 dxc5 26. Qg3 Qf7 27. f5 gxf5 28.
exf5 Qxc4 29. Qd6 Be3+ 30. Rxe3 Rxe3 31. Qg6# 1-0

[Event "Jugend WM U20w"]
[Site "Istanbul"]
[Date "2005.11.16"]
[Round "7.18"]
[White "Raghavi, N."]
[Black "Raeva, Elitsa"]
[Result "0-1"]
[WhiteElo "2104"]
[BlackElo "2213"]
[PlyCount "46"]
[EventDate "2005.11.??"]
[EventType "swiss"]
[EventRounds "13"]
[EventCountry "TUR"]
[Source "Reinhold Goldau"]
[SourceDate "2000.03.01"]

1. e4 c5 2. Nf3 Nc6 3. Bb5 g6 4. O-O Bg7 5. c3 a6 6. Ba4 Nf6 7. d4 cxd4 8. cxd4
Nxe4 9. d5 Nb8 10. Re1 Nf6 11. d6 e6 12. Bg5 h6 13. Bh4 b5 14. Bc2 Bb7 15. Nc3
Qb6 16. a4 O-O 17. b4 Nd5 18. Ne4 f5 19. a5 Qc6 20. Rc1 fxe4 21. Rxe4 Nc3 22.
Qe1 Nxe4 23. Bxe4 Qxe4 0-1

[Event "Jugend WM U20w"]
[Site "Istanbul"]
[Date "2005.11.16"]
[Round "7.19"]
[White "Djukic, Sandra"]
[Black "Bensdorp, Laura"]
[Result "1/2-1/2"]
[WhiteElo "2140"]
[BlackElo "2090"]
[PlyCount "53"]
[EventDate "2005.11.??"]
[EventType "swiss"]
[EventRounds "13"]
[EventCountry "TUR"]
[Source "Reinhold Goldau"]
[SourceDate "2000.03.01"]

1. d4 f5 2. g3 Nf6 3. Bg2 g6 4. Nh3 Bg7 5. c3 e6 6. O-O O-O 7. Nd2 d5 8. Nf4
Nc6 9. Nf3 Ne4 10. Nd3 Qe7 11. Qc2 b6 12. b4 Nd8 13. a4 Re8 14. Ba3 Nf7 15. b5
Qd8 16. Nfe5 Bb7 17. Rfd1 Rc8 18. e3 c6 19. f3 Ned6 20. Nxf7 Nxf7 21. Qb3 Nd6
22. Bxd6 Qxd6 23. c4 dxc4 24. Qxc4 cxb5 25. Qxb5 Red8 26. a5 Bd5 27. Qb4
1/2-1/2

[Event "Jugend WM U20w"]
[Site "Istanbul"]
[Date "2005.11.16"]
[Round "7.20"]
[White "Tilenbaeva, Janyl"]
[Black "Gutierrez Castillo, Paloma"]
[Result "0-1"]
[WhiteElo "2019"]
[BlackElo "2127"]
[PlyCount "60"]
[EventDate "2005.11.??"]
[EventType "swiss"]
[EventRounds "13"]
[EventCountry "TUR"]
[Source "Reinhold Goldau"]
[SourceDate "2000.03.01"]

1. e4 e5 2. Nf3 Nc6 3. Bb5 Nf6 4. O-O Nxe4 5. d4 Nd6 6. Bxc6 dxc6 7. dxe5 Ne4
8. Qxd8+ Kxd8 9. b3 Bc5 10. Bb2 Ke7 11. Nbd2 Nxd2 12. Nxd2 Bf5 13. c4 Rhd8 14.
Nf3 Rd3 15. Rfd1 Rad8 16. Rxd3 Rxd3 17. Kf1 Bg4 18. Ke2 Rd7 19. a4 Ke6 20. h3
Bxf3+ 21. gxf3 Bd4 22. Bxd4 Rxd4 23. Ke3 c5 24. Rg1 g6 25. f4 h6 26. h4 Kf5 27.
h5 Rxf4 28. Rh1 g5 29. Rd1 Re4+ 30. Kf3 Rd4 0-1

[Event "Jugend WM U20w"]
[Site "Istanbul"]
[Date "2005.11.16"]
[Round "7.23"]
[White "Ciobanu, Camelia"]
[Black "Hoolt, Sarah"]
[Result "0-1"]
[WhiteElo "2262"]
[BlackElo "2144"]
[PlyCount "86"]
[EventDate "2005.11.??"]
[EventType "swiss"]
[EventRounds "13"]
[EventCountry "TUR"]
[Source "Reinhold Goldau"]
[SourceDate "2000.03.01"]

1. e4 e6 2. d3 d5 3. Nd2 c5 4. Ngf3 Nc6 5. g3 Nf6 6. Bg2 Be7 7. O-O O-O 8. e5
Nd7 9. Re1 b5 10. Nf1 b4 11. h4 a5 12. N1h2 Ba6 13. h5 a4 14. a3 bxa3 15. bxa3
c4 16. d4 c3 17. h6 g6 18. Ng4 Na5 19. Bf4 Nc4 20. Qc1 Rb8 21. Bg5 Rb2 22. Bxe7
Qxe7 23. Bf1 Rc8 24. Ne3 Bb7 25. Nd1 Nd2 26. Re3 Nxf1 27. Rxc3 Rb6 28. Rxc8+
Bxc8 29. Kxf1 Ba6+ 30. Kg2 Be2 31. Nc3 Bxf3+ 32. Kxf3 Rc6 33. Qe3 Rc4 34. Ke2
Nb6 35. Rb1 Qc7 36. Kd2 Rc6 37. Qf3 f5 38. exf6 Kf7 39. Re1 Nc4+ 40. Kd1 Qa5
41. Nb1 Nb2+ 42. Ke2 Qb5+ 43. Ke3 Rxc2 0-1

[Event "Jugend WM U20w"]
[Site "Istanbul"]
[Date "2005.11.16"]
[Round "7.25"]
[White "Alimova, Maral"]
[Black "Ortiz, Nadya Karolina"]
[Result "0-1"]
[WhiteElo "2053"]
[BlackElo "2218"]
[PlyCount "101"]
[EventDate "2005.11.??"]
[EventType "swiss"]
[EventRounds "13"]
[EventCountry "TUR"]
[Source "Reinhold Goldau"]
[SourceDate "2000.03.01"]

1. d4 Nf6 2. c4 g6 3. Nc3 Bg7 4. e4 d6 5. f3 O-O 6. Be3 c5 7. d5 e6 8. Qd2 exd5
9. exd5 Re8 10. O-O-O a6 11. h4 Bd7 12. Nh3 b5 13. b3 b4 14. Nb1 a5 15. Bd3 a4
16. Bh6 Bh8 17. Qf4 axb3 18. axb3 Bxh3 19. gxh3 Nh5 20. Qg4 Ra2 21. Rd2 Rxd2
22. Bxd2 Qf6 23. Bc2 Qb2+ 24. Kd1 Nf6 25. Qg3 Nbd7 26. Qxd6 Ra8 27. Bc1 Qd4+
28. Nd2 Ra1 29. Ke2 Bg7 30. Rd1 Qc3 31. Bb1 Bh6 32. Ne4 Nxe4 33. Qxd7 Ng3+ 34.
Kf2 Bxc1 35. Qe8+ Kg7 36. Rxc1 Qxc1 37. Qe5+ Kh6 38. Qxa1 Nf5 39. Qa2 Qe3+ 40.
Kg2 Nxh4+ 41. Kg3 Kg5 42. Kh2 Nxf3+ 43. Kg2 Nd2 44. Qc2 Qe2+ 45. Kh1 Qf1+ 46.
Kh2 Qf2+ 47. Kh1 Qf3+ 48. Kh2 Qf2+ 49. Kh1 Kh4 50. Qd3 f5 51. d6 0-1

[Event "Jugend WM U20w"]
[Site "Istanbul"]
[Date "2005.11.16"]
[Round "7.26"]
[White "Chaumont, Adeline"]
[Black "Gregorova, Zuzana"]
[Result "0-1"]
[WhiteElo "2035"]
[BlackElo "2183"]
[PlyCount "98"]
[EventDate "2005.11.??"]
[EventType "swiss"]
[EventRounds "13"]
[EventCountry "TUR"]
[Source "Reinhold Goldau"]
[SourceDate "2000.03.01"]

1. d4 d6 2. c4 Nd7 3. Nf3 Ngf6 4. Nc3 e5 5. e4 c6 6. Be2 Qc7 7. O-O Be7 8. Rb1
O-O 9. Re1 Re8 10. Bf1 Bf8 11. b4 g6 12. a4 exd4 13. Nxd4 a5 14. b5 Nc5 15. f3
Bg7 16. Be3 Nh5 17. Qd2 Ne6 18. Nxe6 Bxe6 19. bxc6 bxc6 20. Bb6 Qd7 21. Na2 Be5
22. Red1 f5 23. c5 fxe4 24. fxe4 Bf4 25. Qc2 d5 26. exd5 Bxd5 27. Rxd5 Be3+ 28.
Kh1 cxd5 29. Bb5 Qg4 30. Qd1 Qxd1+ 31. Rxd1 Rf8 32. Bc6 Rac8 33. Bxd5+ Kg7 34.
Bf3 Bxc5 35. Bxa5 Nf6 36. Bc3 Rfd8 37. Rf1 Bd4 38. Be1 Rc2 39. Nb4 Rc1 40. Nd3
Ra1 41. Nf4 Re8 42. Ne2 Bb6 43. g3 Ba5 44. Bxa5 Rxf1+ 45. Kg2 Ra1 46. Nc3 Rc8
47. g4 Rc5 48. Bd8 Rxc3 49. g5 Ra2+ 0-1

[Event "Jugend WM U20w"]
[Site "Istanbul"]
[Date "2005.11.16"]
[Round "7.27"]
[White "Brekke, Jorunn Marie"]
[Black "Gilbert, Jessie"]
[Result "1/2-1/2"]
[WhiteElo "1972"]
[BlackElo "2148"]
[PlyCount "158"]
[EventDate "2005.11.??"]
[EventType "swiss"]
[EventRounds "13"]
[EventCountry "TUR"]
[Source "Reinhold Goldau"]
[SourceDate "2000.03.01"]

1. g3 g6 2. Bg2 Bg7 3. c4 Nf6 4. Nc3 e5 5. Nf3 d6 6. O-O O-O 7. d3 c6 8. Rb1 a6
9. b4 h6 10. a4 Nh7 11. b5 f5 12. Qc2 g5 13. bxc6 bxc6 14. Ba3 g4 15. Nd2 Ng5
16. a5 f4 17. h4 gxh3 18. Bh1 Bg4 19. Nf3 Ra7 20. Ne4 Nf7 21. Rb6 c5 22. Nxd6
Nxd6 23. Bxc5 Nf5 24. Bxf8 Kxf8 25. gxf4 exf4 26. Qb3 Nd7 27. Rb7 Nc5 28. Rb8
Nxb3 29. Rxd8+ Ke7 30. Rb8 Nxa5 31. Nh2 Bh5 32. Bf3 Bg6 33. Rb6 Nh4 34. Bg4 Bd4
35. Re6+ Kf8 36. Rd6 Bc3 37. Nf3 Nxf3+ 38. Bxf3 Kg7 39. Kh2 Kh7 40. Rg1 Bf5 41.
Rd5 Bg6 42. Rc1 Bd2 43. Rd1 Bc3 44. c5 Nc6 45. Be4 Bxe4 46. dxe4 Be5 47. Rd7+
Rxd7 48. Rxd7+ Kg6 49. Kxh3 a5 50. Rb7 Nd4 51. Ra7 Ne6 52. Rxa5 Bd4 53. Ra6 Kf6
54. c6 Ke5 55. f3 Nc7 56. Ra5+ Kd6 57. Rf5 Ne6 58. Rh5 Bg7 59. Kg4 Kxc6 60. Kf5
Kd7 61. Kg6 Bf8 62. Ra5 Nc7 63. Kf7 Be7 64. Ra7 Bg5 65. e5 Kc6 66. e6 Kd6 67.
Ra2 Nd5 68. Rd2 Ke5 69. Ra2 Ne7 70. Ra5+ Nd5 71. Ra7 Bf6 72. Rd7 Bh4 73. Ra7
Bg5 74. Ra1 Be7 75. Rh1 Bg5 76. Rh5 Kd4 77. Kg6 Ke3 78. Rh2 Ne7+ 79. Kf7 Nf5
1/2-1/2

[Event "Jugend WM U20w"]
[Site "Istanbul"]
[Date "2005.11.16"]
[Round "7.30"]
[White "Mezioud, Amina"]
[Black "Umudova, Nargiz"]
[Result "0-1"]
[WhiteElo "1978"]
[BlackElo "2101"]
[PlyCount "60"]
[EventDate "2005.11.??"]
[EventType "swiss"]
[EventRounds "13"]
[EventCountry "TUR"]
[Source "Reinhold Goldau"]
[SourceDate "2000.03.01"]

1. e4 c5 2. Nf3 Nc6 3. d4 cxd4 4. Nxd4 Nf6 5. Nc3 e5 6. Nb3 Bb4 7. Bg5 O-O 8.
Bd3 Bxc3+ 9. bxc3 d6 10. O-O Be6 11. Qd2 h6 12. Bh4 Nxe4 13. Bxe4 Qxh4 14. Bxc6
bxc6 15. Qxd6 Qg5 16. Qxc6 Rac8 17. Qf3 f5 18. Rad1 e4 19. Qh3 Rce8 20. Rd6 Qe7
21. Rfd1 f4 22. Qh5 Bf7 23. Qb5 e3 24. fxe3 Qxe3+ 25. Kh1 f3 26. R6d2 Re5 27.
Qf1 Bh5 28. Qc4+ Kh8 29. g4 f2 30. h3 Qxh3# 0-1

[Event "Jugend WM U20w"]
[Site "Istanbul"]
[Date "2005.11.16"]
[Round "7.32"]
[White "Levacic, Melissa"]
[Black "Xu, Ruoyin"]
[Result "1/2-1/2"]
[WhiteElo "1993"]
[BlackElo "2079"]
[PlyCount "43"]
[EventDate "2005.11.??"]
[EventType "swiss"]
[EventRounds "13"]
[EventCountry "TUR"]
[Source "Reinhold Goldau"]
[SourceDate "2000.03.01"]

1. e4 e5 2. Nf3 Nf6 3. Nxe5 d6 4. Nf3 Nxe4 5. Nc3 Nxc3 6. dxc3 Be7 7. Be3 Nc6
8. Qd2 O-O 9. h3 Ne5 10. O-O-O Be6 11. Kb1 Nc4 12. Bxc4 Bxc4 13. g4 c6 14. Nd4
Qa5 15. b3 Be6 16. f4 c5 17. Nxe6 fxe6 18. c4 Qxd2 19. Rxd2 Rad8 20. Rhd1 b6
21. Rd3 a6 22. Bc1 1/2-1/2

[Event "Jugend WM U20w"]
[Site "Istanbul"]
[Date "2005.11.17"]
[Round "8.2"]
[White "Mamedjarova, Turkan"]
[Black "Kadziolka, Beata"]
[Result "1-0"]
[WhiteElo "2223"]
[BlackElo "2352"]
[PlyCount "101"]
[EventDate "2005.11.??"]
[EventType "swiss"]
[EventRounds "13"]
[EventCountry "TUR"]
[Source "Reinhold Goldau"]
[SourceDate "2000.03.01"]

1. d4 Nf6 2. Nf3 g6 3. e3 Bg7 4. Bd3 O-O 5. O-O d6 6. Nbd2 Nc6 7. c4 e5 8. d5
Ne7 9. e4 Nh5 10. Re1 Nf4 11. Bf1 f5 12. b4 fxe4 13. Nxe4 Bg4 14. Kh1 Kh8 15.
a4 Bxf3 16. Qxf3 Nfxd5 17. Qh3 Nf6 18. Ng5 Qd7 19. Qxd7 Nxd7 20. Ne6 Rxf2 21.
Be3 Rb2 22. Nxc7 Rf8 23. Nb5 Nc8 24. Rab1 Rxb1 25. Rxb1 a6 26. Nc7 Nf6 27. g3
Ng4 28. Bg1 Nf2+ 29. Bxf2 Rxf2 30. Bg2 Rf7 31. Ne6 Rd7 32. a5 Ne7 33. b5 axb5
34. Rxb5 e4 35. Bxe4 Bc3 36. a6 bxa6 37. Rb8+ Ng8 38. Bd5 h6 39. Nf4 Rg7 40.
Be4 Rc7 41. Nxg6+ Kg7 42. Nf4 Kh8 43. Nh5 Rc5 44. Bd5 Rxd5 45. cxd5 a5 46. Rb7
Bd4 47. Kg2 a4 48. Rb4 Bc5 49. Rxa4 Ne7 50. Ra8+ Kh7 51. Nf4 1-0

[Event "Jugend WM U20w"]
[Site "Istanbul"]
[Date "2005.11.17"]
[Round "8.3"]
[White "Vasilevich, Irina"]
[Black "Dzagnidze, Nana"]
[Result "1-0"]
[WhiteElo "2389"]
[BlackElo "2443"]
[PlyCount "71"]
[EventDate "2005.11.??"]
[EventType "swiss"]
[EventRounds "13"]
[EventCountry "TUR"]
[Source "Reinhold Goldau"]
[SourceDate "2000.03.01"]

1. e4 Nc6 2. Nf3 d6 3. Be2 e5 4. Nc3 Be7 5. O-O Nf6 6. d4 O-O 7. d5 Nb8 8. a4
c6 9. a5 cxd5 10. exd5 Na6 11. Nb5 Nc7 12. Nxc7 Qxc7 13. c4 Nd7 14. b4 f5 15.
Bb2 Bf6 16. Qb3 b6 17. Rfd1 Ba6 18. Bf1 Kh8 19. Nd2 Rfb8 20. axb6 axb6 21. Qh3
g6 22. Ra3 Bb7 23. Nb1 b5 24. Rxa8 Rxa8 25. c5 dxc5 26. Bxb5 cxb4 27. Qb3 Nc5
28. Qxb4 Qb6 29. Nc3 e4 30. Na4 Rxa4 31. Bxf6+ Kg8 32. Qb2 Ra7 33. d6 Qa5 34.
Bc4+ Kf8 35. Be7+ Ke8 36. Bb5+ 1-0

[Event "Jugend WM U20w"]
[Site "Istanbul"]
[Date "2005.11.17"]
[Round "8.4"]
[White "Paehtz, Elisabeth"]
[Black "Tania, Sachdev"]
[Result "1-0"]
[WhiteElo "2408"]
[BlackElo "2379"]
[PlyCount "63"]
[EventDate "2005.11.??"]
[EventType "swiss"]
[EventRounds "13"]
[EventCountry "TUR"]
[Source "Reinhold Goldau"]
[SourceDate "2000.03.01"]

1. e4 c5 2. Nf3 e6 3. d4 cxd4 4. Nxd4 a6 5. Nc3 Qc7 6. g3 Nf6 7. Bg2 Be7 8. O-O
d6 9. Be3 Nc6 10. f4 O-O 11. Kh1 Bd7 12. Nb3 b5 13. a3 Rfd8 14. g4 Bc8 15. g5
Nd7 16. Qh5 g6 17. Qh4 Bb7 18. Rf3 h5 19. Rh3 Bf8 20. Ne2 Ne7 21. Ng3 Bg7 22.
c3 Nf8 23. Rg1 Re8 24. Nd4 Nc6 25. Nde2 d5 26. exd5 exd5 27. Bf2 Bc8 28. f5 Nd7
29. Nf4 Nde5 30. Nxd5 Qd8 31. Bb6 Qd6 32. Ne4 1-0

[Event "Jugend WM U20w"]
[Site "Istanbul"]
[Date "2005.11.17"]
[Round "8.5"]
[White "Aketaeva, Dana"]
[Black "Zawadzka, Jolanta"]
[Result "0-1"]
[WhiteElo "2256"]
[BlackElo "2381"]
[PlyCount "94"]
[EventDate "2005.11.??"]
[EventType "swiss"]
[EventRounds "13"]
[EventCountry "TUR"]
[Source "Reinhold Goldau"]
[SourceDate "2000.03.01"]

1. e4 c5 2. Nf3 d6 3. d4 cxd4 4. Nxd4 Nf6 5. Nc3 a6 6. Be2 e5 7. Nb3 Be7 8. O-O
O-O 9. Kh1 b5 10. f4 Bb7 11. Bf3 Nbd7 12. Qe1 Rc8 13. a3 Re8 14. f5 Nb6 15. Na5
Ba8 16. Be3 d5 17. exd5 e4 18. Nxe4 Nxe4 19. Bxe4 Bf6 20. Bxb6 Qxb6 21. Qb4
Rxe4 22. Qxe4 Qxa5 23. c3 h6 24. Rad1 Qd8 25. Rfe1 Qd7 26. Rd3 Rd8 27. Red1 Re8
28. Qf3 Re5 29. g4 Bd8 30. b3 Bc7 31. c4 Qd6 32. R3d2 Qxa3 33. Kg2 Qe7 34. f6
gxf6 35. Rf1 Bd8 36. Rd3 Bb7 37. Rf2 Bb6 38. Rc2 Re1 39. Qf5 Re2+ 40. Rxe2
Qxe2+ 41. Kh3 Bg1 42. g5 Qxh2+ 43. Kg4 h5+ 44. Kf3 Qf2+ 45. Ke4 Qe2+ 46. Kf4
Bh2+ 47. Rg3 Qf2+ 0-1

[Event "Jugend WM U20w"]
[Site "Istanbul"]
[Date "2005.11.17"]
[Round "8.8"]
[White "Motoc, Alina"]
[Black "Guseva, Marina"]
[Result "1-0"]
[WhiteElo "2313"]
[BlackElo "2363"]
[PlyCount "151"]
[EventDate "2005.11.??"]
[EventType "swiss"]
[EventRounds "13"]
[EventCountry "TUR"]
[Source "Reinhold Goldau"]
[SourceDate "2000.03.01"]

1. d4 d5 2. c4 c6 3. Nf3 Nf6 4. e3 e6 5. Bd3 Nbd7 6. O-O Bd6 7. Nbd2 O-O 8. e4
dxe4 9. Nxe4 Be7 10. Qe2 a6 11. a4 a5 12. Re1 Nb8 13. Bf4 Na6 14. Rad1 Nc7 15.
Ne5 Nce8 16. Ng5 Bb4 17. Qc2 g6 18. Re3 Nh5 19. Nxh7 Nxf4 20. Nxf8 Bxf8 21. Rf3
Bh6 22. Bf1 f5 23. g3 Nh5 24. g4 Nf4 25. gxf5 exf5 26. d5 Qf6 27. Re1 Nd6 28.
Nd3 Nxd3 29. Bxd3 c5 30. Rg3 Bf4 31. Rg2 Bd7 32. Qd1 Kf7 33. Qf3 Be5 34. b3 Re8
35. Kh1 b6 36. Qh3 Rh8 37. Qe3 Bd4 38. Qg3 Re8 39. Reg1 Rg8 40. Qh3 Rh8 41. Qf3
Be5 42. Qe2 Bf4 43. f3 g5 44. Rf1 Re8 45. Qc2 Nc8 46. Re2 Be3 47. h4 Qh6 48.
Bxf5 Bxf5 49. Qxf5+ Kg8 50. Rfe1 Rf8 51. Qg4 Bf4 52. h5 Qf6 53. Qe6+ Qxe6 54.
Rxe6 Kf7 55. Kg2 Rh8 56. h6 Bd6 57. Kh3 Bf8 58. Kg4 Rxh6 59. Kxg5 Rxe6 60.
dxe6+ Ke7 61. Kg6 Nd6 62. f4 Ne8 63. f5 Bg7 64. Rh1 Bd4 65. Rh7+ Kd8 66. Rf7
Be5 67. f6 Nxf6 68. Rxf6 Ke7 69. Rf7+ Kxe6 70. Rb7 Bc3 71. Rxb6+ Ke5 72. Kf7
Ke4 73. Ke6 Kd3 74. Kd5 Bd4 75. Rb5 Kc3 76. Rxa5 1-0